000 01578nam a22003017a 4500
005 20080929101452.0
008 080929t xxu||||| |||| 00| 0 hin d
010 _aHIN-92291
020 _c52.00
_a9788191072723
035 _aHN-64637
037 _bDBAD / PUB
040 _aDPL
_bHN
082 _a759.54
100 _926640
_aश्रोत्रिय, शुकदेव
245 _aभारतीय चित्रकलाः
_cशुकदेव श्रोत्रिय; आशा आनन्द एवं सीमा सचदेवा
_bप्रागैतिहासिक काल एवं पालशैली से पहाड़ी शैली तक /
260 _aअलीगढ़
_bप्रतियोगी प्रकाशन
_c2011
270 _a186, इंजीनियर्स कालोनी, क्वार्सी बाइपास रोड
_bअलीगढ़
_e202001 (उ.प्र.)
_k9419464615
300 1 _a104पृ.
_c24सेमी (अजिल्द)
_bसचित्र
490 _aचित्रायन सीरीज-8
_927227
650 _9697
650 _926674
650 _9698
700 _926643
_aआनन्द, आशा
700 _927078
_aसचदेवा, सीमा
710 _926662
942 _2ddc
_cHN
_h759.54
_mश्रोत्रिय
999 _c51542
_d51542